[Event "POL-chT 2nd League"]
[Site "Ustron"]
[Date "2008.09.12"]
[Round "7.10"]
[White "Wojciechowski, Piotr"]
[Black "Najbar, Marcin"]
[Result "0-1"]
[WhiteElo "2247"]
[BlackElo "2230"]
[PlyCount "88"]
[EventDate "2008.09.06"]
[EventType "team-swiss"]
[EventRounds "9"]
[EventCountry "POL"]
[SourceTitle "EXT 2015"]
[Source "ChessBase"]
[SourceDate "2014.11.20"]
[SourceVersion "1"]
[SourceVersionDate "2014.11.20"]
[SourceQuality "1"]
[WhiteTeam "Gliwice Politechnika Slaska"]
[BlackTeam "Chroscice LZS Victoria"]
[WhiteTeamCountry "POL"]
[BlackTeamCountry "POL"]

1. e4 c5 2. Nf3 e6 3. d4 cxd4 4. Nxd4 Qb6 5. Nb3 Qc7 6. Bd3 Nf6 7. 0-0 d6 8. f4 Nbd7 9. Nc3 a6 10. Kh1 b5 11. a4 b4 12. Na2 Bb7 13. Qe2 d5 14. e5 Ne4 15. c3 bxc3 16. Nxc3 Nxc3 17. bxc3 Be7 18. Be3 g6 19. Rfc1 Nc5 20. Nxc5 Bxc5 21. Bd4 0-0 22. Rab1 Rfb8 23. Qf2 Ba3 24. Re1 Bc8 25. Bb6 Qxc3 26. Bf1 Bd7 27. Re3 Bc5 28. Rxc3 Bxf2 29. a5 Bxb6 30. Rxb6 Bb5 31. Rxb8+ Rxb8 32. Kg1 Bxf1 33. Kxf1 Rb5 34. Ra3 Rb4 35. g3 Rb2 36. h3 Kg7 37. Rc3 Rb5 38. Ra3 h6 39. Kg2 g5 40. fxg5 hxg5 41. h4 d4 42. hxg5 Rxe5 43. Kf3 Rxg5 44. Ke4 Rd5 0-1